000 00420nam a2200145Ia 4500
008 230917s9999||||xx |||||||||||||| ||und||
040 _e176334
_aMAIN
041 _aEnglish
082 _a891.433721 GM181MM
100 _aगर्ग, मृदुला
245 0 _aमिलजुलमन
260 _aनई दिल्ली
_bसामयिक प्रकाशन
_c2009
300 _a320 p.
942 _cHN
999 _c155937
_d155937